000 01061nam a2200253 i 4500
001 bg
111 2 _aMiędzynarodowe Sympozjum Naukowe Studentów i Młodych Pracowników Nauki
_n(20 ;
_d1998 ;
_cZielona Góra).
245 0 4 _a20. Międzynarodowe Sympozjum Naukowe Studentów i Młodych Pracowników Nauki =
_b20th International Scientific Symposium of Students and Young Research Workers : Zielona Góra, maj 1998.
_nT.3,
_pInformatyka = Informatics /
_cPolitechnika Zielonogórska.
246 1 1 _aInternational Scientific Symposium of Students and Young Research Workers
260 _aZielona Góra :
_bPZ,
_c1999.
300 _a352 s. :
_bfot., rys., wykr. ;
_c24 cm.
500 _aTekst częśc. ang. - Streszcz. ang. przy ref.
504 _aBibliogr. przy ref.
650 9 _aInformatyka
655 _aMateriały konferencyjne
710 0 _aPolitechnika Zielonogórska
020 _a838591160X
040 _cBPK
041 0 _aplen
_ben
080 _a004(061)
920 _a83-85911-60-X
942 _cKS
008 s pl f |000 0 pol
999 _c38072
_d38072
856 _uhttp://koha.tu.koszalin.pl/cgi-bin/koha/opac-detail.pl?biblionumber=38072
_yKatalog online BPK